| 000 | 00862nas a2200277 4500 | ||
|---|---|---|---|
| 001 | BR0603781 | ||
| 003 | BR-BrBNA | ||
| 005 | 20231205110319.0 | ||
| 007 | ta | ||
| 008 | 230509b bl.|||p| |||| 00| 00por d | ||
| 040 |
_aBR-BrBNA _bpor _cBiblioteca Nacional de Agricultura |
||
| 041 | _a(Pt) | ||
| 072 | _aL02; L52 | ||
| 100 | 1 | _aSantos, I.S. dos | |
| 100 | 1 | _aAndrade, M.C.R. | |
| 100 | 1 | _aSantos, B.F. dos | |
| 100 | 1 | _aCouto, S.R. | |
| 245 | 1 | _aCurva de crescimento e desmame precoce de hamsters golden (Mesocricetus auratus) | |
| 650 | _aHAMSTER | ||
| 650 | _aANIMAL DE LABORATÓRIO | ||
| 650 | _aCURVA DE CRESCIMENTO | ||
| 650 | _aDESMAMA | ||
| 773 | 0 |
_tRevista Brasileira de Medicina Veterinária (Brazil) _xISSN 0100-2430 _g(Jul-Sep 2005), v. 27(3) p. 125-129 _wBR0603781 |
|
| 909 |
_a202311 _bLúcia _c55 _dLúcia Elande |
||
| 942 |
_2AGRIS _n0 _cANA |
||
| 999 |
_c186930 _d186930 |
||